Calculus. (Record no. 2532)

000 -LEADER
fixed length control field 00870cam a22003018i 4500
001 - CONTROL NUMBER
control field 17870198
003 - CONTROL NUMBER IDENTIFIER
control field OSt
005 - DATE AND TIME OF LATEST TRANSACTION
control field 20160727115833.0
008 - FIXED-LENGTH DATA ELEMENTS--GENERAL INFORMATION
fixed length control field 130829s2015 mau 000 0 eng
010 ## - LIBRARY OF CONGRESS CONTROL NUMBER
LC control number 2013035343
020 ## - INTERNATIONAL STANDARD BOOK NUMBER
International Standard Book Number 9781292062327
040 ## - CATALOGING SOURCE
Original cataloging agency DLC
Language of cataloging eng
Transcribing agency DLC
Description conventions rda
042 ## - AUTHENTICATION CODE
Authentication code pcc
050 00 - LIBRARY OF CONGRESS CALL NUMBER
Classification number QA303.2.B75 2015
082 00 - DEWEY DECIMAL CLASSIFICATION NUMBER
Classification number 515
Edition number 23
100 1# - MAIN ENTRY--PERSONAL NAME
Personal name Briggs, William L.,
Relator term author.
245 10 - TITLE STATEMENT
Title Calculus.
Statement of responsibility, etc William Briggs & Bernard Gillett
250 ## - EDITION STATEMENT
Edition statement Second edition /
Remainder of edition statement
260 ## - PUBLICATION, DISTRIBUTION, ETC. (IMPRINT)
Place of publication, distribution, etc Boston
Name of publisher, distributor, etc Pearson Eduacation
Date of publication, distribution, etc 2015
300 ## - PHYSICAL DESCRIPTION
Extent pages cm
650 #0 - SUBJECT ADDED ENTRY--TOPICAL TERM
Topical term or geographic name as entry element Calculus
Form subdivision Textbooks.
650 #0 - SUBJECT ADDED ENTRY--TOPICAL TERM
Topical term or geographic name as entry element Transcendental functions
Form subdivision Textbooks.
700 1# - ADDED ENTRY--PERSONAL NAME
Personal name Cochran, Lyle,
Relator term author.
700 1# - ADDED ENTRY--PERSONAL NAME
Personal name Gillett, Bernard,
Relator term author.
906 ## - LOCAL DATA ELEMENT F, LDF (RLIN)
a 7
b cbc
c orignew
d 1
e ecip
f 20
g y-gencatlg
942 ## - ADDED ENTRY ELEMENTS (KOHA)
Source of classification or shelving scheme
Koha item type Book
Holdings
Withdrawn status Lost status Source of classification or shelving scheme Damaged status Not for loan Home library Current library Shelving location Date acquired Total Checkouts Total Renewals Full call number Barcode Date last seen Date checked out Copy number Price effective from Koha item type
          Riara University Library Riara University Library General stack 27/07/2016 2 1 QA303.2.B75 2015 7641/16 13/12/2024 26/11/2024 C.1 27/07/2016 Book

Riara University Library,
P.O. Box 49940-00100,
Nairobi, Kenya.